000 00820nam a2200253Ia 4500
003 OSt
005 20221005104526.0
006 a|||||r|||| 00| 0
007 ta
008 221004b |||||||| |||| 00| 0 hin d
024 _a32760
037 _cTextual
040 _aCRL
_cCRL
_bhin
041 _2hin
_ahin
082 _aO152:gxN27, M2
100 _aसिंह, नामवर
245 0 _aदूसरी परम्परा की खोज
246 _aDūsarī paramparā kī khoja
260 _aदिल्ली
_bराजकमल पेपरबैक्स भारत
_c1982
300 _a144पृ.
_ccm.
650 _aहिन्दी साहित्य
942 _hO152:gxN27, M2
_cTEXL
_2cc
999 _c1012985
_d1012985